1240 1128 1404 1887 1045 1335 1805 1096 1105 1213 1436 1299 1861 1965 1912 1126 1433 1528 1940 1464 1064 1342 1606 1512 1065 1540 1806 1147 1937 1578 1200 2000 1958 1470 1944 1882 1733 1877 1663 1050 1114 1231 1430 1587 1491 1215 1868 1325 1743 1722 1728 1694 1828 1799 1961 1220 1440 1995 1830 1237 1746 1012 1668 1438 1131 1096 1764 1320 1361 1082 1969 1395 1754 1279 1971 1904 1970 1329 1254 1046 1928 1245 1934 1283 1683 1616 1669 1059 1401 1005 1856 1087 1826 1461 1183 1465 1652 1803 1274 BCNSPRNW ULIB Ver.6.0+V

เปลี่ยนเป็นภาษาไทย

Change to English
 แสดงรายละเอียดบรรณานุกรม
  กลับหน้าหลัก

Brief Record : Get Marc (ISO 2709) : E-mail record : QR code < ปิดหน้าต่าง
LEADER : 00000nam 2200000uu 4500
001    13399110907
003     ULIB
008    110613s||||||||th 000 0 tha d
020    9749006488
050  4 AC158^bจ716ช 2546
100    เจนเนอร์ แจน
245    ชีวิตสัตว์โลก/ ^cผู้แต่ง เอ็กซ์ไลน์, โจเซฟ ดี; แปลและเรียบเรียง ตรัยเทพ เกษศิลป์
246 31 สำรวจโลกวิทยาศาสตร์
260    กรุงเทพฯ : ^bเพียร์สัน เอ็ดดูเคชั่น อินโดไชน่า, ^c2546
300    208 หน้า : ^bภาพประกอบ ; ^c28 ซม.
490    สำรวจโลกวิทยาศาสตร์
650    สัตว์
650    วิทยาศาสตร์ ^xการทดลอง
700    ตรัยเทพ เกษศิลป์, ^eผู้แปล
945    ^p0^l0^i028560
995    ทศพร
999 ^a ใช้งานได้ทุกระบบ
รายการนี้ยังไม่มีแท็ก
คุณยังไม่ได้ล็อกอิน คุณสามารถมีกิจกรรมร่วมกับเว็บไซต์ได้ แต่ต้องล็อกอินก่อน ::
  ล็อกอิน

รายการสื่อสารสนเทศ

ลำดับที่ ประเภท เลขเรียก/บาร์โค้ด สถานที่ สถานะ
- ไม่พบข้อมูล -

รายการใกล้เคียง
    ผู้แต่ง [เจนเนอร์ แจน]

    หัวเรื่อง [สัตว์]

BibComment


ยังไม่เคยถูกคอมเมนท์

คอมเมนท์ทรัพยากรรายการนี้
  คอมเมนท์: ชีวิตสัตว์โลก ผู..


 Copyright 2026. Bcnsprnw @Library